| 000 | 00415pab a2200157 454500 | ||
|---|---|---|---|
| 008 | 180718b2004 xxu||||| |||| 00| 0 eng d | ||
| 100 | _aRay, Jayanta Kumar | ||
| 245 | _aAspects of India's policy towards Bangladesh | ||
| 260 | _c2004 | ||
| 300 | _ap.32-44. | ||
| 362 | _aJan-Mar | ||
| 650 | _aIndia - Foreign relations - Bangladesh | ||
| 650 | _aInternational relations | ||
| 773 | _aDialogue | ||
| 909 | _a60344 | ||
| 999 |
_c60344 _d60344 |
||